Statistics for All 4M Cities on the World Map

Click here to take the quiz!

General Stats

  • This quiz has been taken 240 times
    (125 since last reset)
  • The average score is 108 of 134

Answers on the Map

Answers color-coded by a green-red scale on the quiz's map according to % correct below.
 

Answer Stats

PopulationCity% Correct
23.0 milNew York City
98%
21.9 milCairo
97%
14.8 milLondon
97%
17.5 milLos Angeles
97%
24.7 milMexico City
97%
6.30 milMiami
97%
7.80 milSan Francisco
97%
39.3 milShanghai
97%
4.90 milBarcelona
95%
4.75 milBerlin
95%
32.4 milDelhi
95%
6.80 milMadrid
95%
17.4 milMoscow
95%
11.4 milParis
95%
13.3 milRio de Janeiro
95%
40.7 milTokyo
95%
20.5 milBeijing
94%
9.85 milChicago
94%
7.35 milDallas
94%
16.5 milIstanbul
94%
6.15 milMilan
94%
26.1 milMumbai
94%
4.55 milSeattle
94%
5.60 milSt Petersburg
94%
5.45 milSydney
94%
7.85 milBoston
93%
16.8 milBuenos Aires
93%
28.6 milJakarta
93%
20.7 milLagos
93%
4.12 milNaples
93%
7.55 milPhiladelphia
93%
8.75 milWashington
93%
4.10 milAlgiers
92%
5.25 milAnkara
92%
19.9 milBangkok
92%
10.0 milBogota
92%
4.37 milCape Town
92%
11.4 milLima
92%
5.15 milMelbourne
92%
8.00 milSantiago
92%
22.7 milSao Paulo
92%
24.8 milSeoul
92%
7.65 milToronto
92%
6.05 milAlexandria
91%
6.00 milAtlanta
91%
7.30 milBaghdad
91%
4.62 milCasablanca
91%
6.05 milDubai
91%
6.85 milHouston
91%
14.5 milJohannesburg
91%
26.4 milManila
91%
4.27 milMontreal
91%
17.7 milOsaka
91%
4.72 milPhoenix
91%
15.8 milTehran
91%
4.10 milBrasilia
90%
5.85 milDetroit
90%
65.1 milGuangzhou
90%
14.5 milKinshasa
90%
8.80 milRiyadh
90%
20.9 milDhaka
89%
18.6 milKarachi
89%
17.2 milKolkata
89%
9.10 milKuala Lumpur
89%
4.00 milAddis Ababa
87%
10.9 milHo Chi Minh City
87%
7.40 milHong Kong
87%
4.32 milKuwait City
87%
4.07 milDakar
86%
4.62 milKabul
86%
6.30 milNairobi
86%
7.95 milSingapore
86%
4.85 milColombo
85%
5.65 milGuadalajara
85%
4.12 milHanoi
85%
8.70 milLuanda
85%
11.6 milXi'an
85%
5.70 milAmman
84%
4.45 milTampa
84%
6.15 milAccra
83%
11.9 milChennai
83%
6.65 milKhartoum
83%
4.10 milSanto Domingo
83%
9.20 milTaipei
83%
6.75 milDar es Salaam
82%
5.75 milMonterrey
82%
11.2 milTianjin
82%
10.8 milWuhan
82%
4.02 milBusan
80%
5.30 milJeddah
79%
4.15 milMedellin
79%
5.85 milYangon
78%
13.2 milBangalore
77%
13.9 milLahore
77%
10.5 milNagoya
76%
5.95 milAbidjan
75%
5.30 milHarbin
75%
5.10 milBelo Horizonte
74%
10.7 milHyderabad
74%
9.05 milAhmedabad
72%
15.2 milChengdu
72%
5.00 milKano
72%
14.1 milXiamen
72%
10.1 milChongqing
71%
12.5 milHangzhou
71%
4.17 milPorto Alegre
70%
7.35 milPune
69%
5.85 milSurabaya
68%
5.10 milChittagong
66%
7.05 milQingdao
66%
8.85 milNanjing
63%
7.15 milSurat
62%
6.00 milKunming
61%
8.40 milShenyang
61%
6.85 milBandung
59%
4.17 milJaipur
59%
4.10 milPuebla
59%
8.95 milZhengzhou
59%
5.05 milDalian
57%
10.0 milChangsha
56%
4.45 milFuzhou
56%
4.07 milMedan
56%
4.85 milNanning
54%
7.15 milHefei
52%
5.05 milWenzhou
52%
6.85 milNingbo
48%
6.20 milJinan
47%
7.95 milShantou
45%
4.37 milChangchun
43%
5.75 milShijiazhuang
40%
5.55 milTaiyuan
38%
4.62 milNanchang
34%
4.62 milGuiyang
29%
4.12 milLinyi
15%

Score Distribution

Percentile by Number Answered

Percent of People with Each Score

Your Score History

You have not taken this quiz since the last reset